Score 0/26 Timer 04:00
0 Plays Today
Title Missing Word (Alphabetical) % Correct
How the ______ Stole Christmas!Grinch
96.4%
_____ Mia!Mamma
94.6%
______ Hears a Who!Horton
88.5%
O _______, Where Art Thou?Brother
86.8%
Who's Afraid of ________ Woolf?Virginia
86%
¡Three ______!Amigos
85.5%
What's Up, ___?Doc
85.4%
____, Where's My Car?Dude
83.4%
Where in the World Is ______ Sandiego?Carmen
81.9%
Who's Your _____?Daddy
76.6%
That Darn ___!Cat
75.5%
Are You My ______?Mother
71.8%
Hello, _____!Dolly
71.3%
Title Missing Word (Alphabetical) % Correct
Who's the ____?Boss
70.3%
Where's _____?Wally/Waldo
65.2%
What Ever Happened to Baby ____?Jane
64.2%
They Shoot ______, Don't They?Horses
57.6%
What About ___? (1991)Bob
57.3%
Who's _____ Crumb?Harry
43.5%
Oh, ___!God
41.4%
There's a ______ in My Pocket!Wocket
41.1%
__________, Where Are You!Scooby-Doo
29.5%
Which _____?Witch
28.7%
Faster, ________! Kill! Kill!Pussycat
23.2%
Viva ______!Zapata
21.5%
________ Who?Samantha
18.2%

Today's Daily Dose

Remove Ads.
Support Sporcle.
Get the best of Sporcle when you Go Orange. This ad-free experience offers more features, more stats, and more fun while also helping to support Sporcle. Thank you for becoming a member.

You're not logged in!

Compare scores with friends on all Sporcle quizzes.
OR
Log In

Show Comments

Extras

Top Quizzes Today


Score Distribution

Your Account Isn't Verified!

In order to create a playlist on Sporcle, you need to verify the email address you used during registration. Go to your Sporcle Settings to finish the process.

Report this User

Report this user for behavior that violates our Community Guidelines.

Details: